| 000 | 00677nam 22002293 4500 | ||
|---|---|---|---|
| 001 | 200571 | ||
| 010 | _a978-972-20-4781-4 | ||
| 021 |
_aPT _b334 359/11 |
||
| 090 | _a200571 | ||
| 100 | _a20231218d u||y0pory50 ba | ||
| 200 |
_aVozes _fAna Luísa Amaral |
||
| 205 | _a2ª | ||
| 210 |
_aLisboa _cPublicações Dom Quixote _d2011 |
||
| 215 |
_a117 p. _cbrochado _d21 cm |
||
| 317 | _a. - Oferta com dedicatória da escritora ao Prof. Dr. Almeida Faria em 2012 | ||
| 606 |
_923 _aLiteratura Portuguesa _xPoesia |
||
| 610 | _apoesia | ||
| 675 |
_a821.134.3-1 _vPT _zpor |
||
| 700 |
_91350 _aAmaral _bAna Luísa _f1956-2022 |
||
| 801 |
_aPT _bBMMN _gRPC |
||
| 830 |
_cAna _fAna |
||
| 990 | _cLIVROS | ||